zpět

Detail výsledku týmu

Adélka, Pustiměř

Datum a čas kvízu

25 Celkem bodů Celkový počet nahraných bodů na tomto kvízu bez doplňovacích otázek.
6. Pořadí na kvízu Konečné umístění týmu na tomto kvízu.

Zaznamenané odpovědi

# Otázka Odpověď Body Výsledky
1. V sobotu 23. dubna se ve Vyško... C 1
2. Aktuálně nejstarším žijícím ps... C 0
3. Společnost Mattel vydala u pří... královna Alžběta II. 0
4. Jedna z českých nápojářských z... Kofola 0
5. Která bývalá úspěšná sportovky... Maria Šarapovová 0
6. Tímto tématem navazujeme v naš... B 1
7. Papírová dvacetikoruna byla v... Přemysl Otakar I. 0
8. Dvacet deka lásky je knihou po... Monyová 1
9. Nyní se podíváme do periodické... vápník 0
10. V roce 1920 se v Berlíně narod... Helmut Newton 0